| 000 | 00359nam a2200133Ia 4500 | ||
|---|---|---|---|
| 008 | 240624s9999 xx 000 0 und d | ||
| 041 | _aeng | ||
| 082 | _a658.88 SCH | ||
| 100 | _aSCHAEFFER H A | ||
| 245 | _aCREDIT RISK MANAGEMENT A GUIDE TO SOUND | ||
| 260 |
_c2000 _aNew York _bJohn Wiley and Sons |
||
| 300 | _aviii, : 280 : p. : cm. ; 23 | ||
| 365 |
_c _b39.35 |
||
| 999 |
_c7528 _d7528 |
||